| 000 | 01233nam a2200205Ii 4500 | ||
|---|---|---|---|
| 003 | JO-AjNU | ||
| 008 | 230605s9999||||xx |||||||||||||| ||und|| | ||
| 017 | _a1990/9/589 | ||
| 040 |
_aJO-AjNU _bara _erda _cJO-AjNU |
||
| 041 | _aara | ||
| 050 | 1 | 4 | _aBP173.759.N3236 1990 |
| 100 | 3 |
_aالمجمع الملكي لبحوث الحضارة الإسلامية (مؤسسة آل البيت), _eauthor _941255 |
|
| 245 | 0 | 0 | _aخطة الإستثمار في البنوك الإسلامية الجوانب التطبيقية والقضايا والمشكلات/ ندوة عقدت بالتعاون مع المعهد الإسلامي للبحوث والتدريب البنك الإسلامي للتنمية - جدة عمان 20-25شوال 1407هـ الموافق 16-21 حزيران 1987م |
| 264 | 3 | 1 | _aعمان: المجمع الملكي لبحوث الحضارة الإسلامية( مؤسسة آل البيت)، 1990 |
| 300 |
_a544ص _bيتضمن الملاحق(ص497-519) ؛ يتضمن ببلوغرافيا (ص520-537) |
||
| 336 |
_atext _btxt _2rdacontent |
||
| 337 |
_aunmediated _bn _2rdamedia |
||
| 338 |
_avolume _bnc _2rdacarrier |
||
| 650 | 4 |
_aالبنوك الاسلامية- مؤتمرات- الاقتصاد الاسلامي _941256 |
|
| 999 |
_aA17574 _c21142 _d21142 |
||